000 00497nam a2200133 a 4500
008 120416s1990 ||||||||||||||||| || u
050 _aTA 368 Iri
245 1 3 _aAn introduction to ISO 9000
246 _aThe Irish Science and Technology Agency
260 _aDublin
_bIndustrial Education Programme
_c1990
300 _a72p. : ill.
350 _a0.00
995 _D0.00
_FCBU-MAIN LIBRARY (Kitwe)
_H1
_I8.95
_M1
_UDAMAGED
_ZMain Library Open Access Collection
999 _c47808
_d47808